| 000 | 00599nam a2200217Ia 4500 | ||
|---|---|---|---|
| 003 | OSt | ||
| 005 | 20220925224522.0 | ||
| 006 | a|||||r|||| 00| 0 | ||
| 007 | ta | ||
| 008 | 220923b |||||||| |||| 00| 0 eng d | ||
| 037 | _cGeneral Book | ||
| 040 |
_aRTL _cRTL _beng |
||
| 041 |
_2eng _aeng |
||
| 082 | _aYb4, K7 | ||
| 100 |
_aSjoberg Gideon Ed. _9130711 |
||
| 245 | 0 | _aEthics, politics and social research. | |
| 260 |
_aLondon _bRoutledge and Kegan Paul _c1967 |
||
| 300 |
_axvii, 358p _ccm. |
||
| 942 |
_hYb4, K7 _cGB _2CC |
||
| 999 |
_c581653 _d581653 |
||